000 00519nam a2200181Ia 4500
008 090124s9999 xx 000 0 und d
082 _b122790
100 _aवाळिंबे शरदचंद्र
245 _a शरसंधान
250 _a1
260 _c1988
300 _a164
600 _aवाळिंबे शरदचंद्र
630 _a शरसंधान
700 _aवाळिंबे शरदचंद्र
730 _a शरसंधान
942 _cBOOK
999 _c168876
_d168876